00681 2200241 4500001002100000005001500021035002000036007000300056008004100059020001600100082000800116084001400124100001900138245011500157250001000272260003700282300003100319650002900350700001700379700002100396990001100417990001100428INLIS00000000000457320191205090040 a0010-1219000025ta191205 g 0 ind  a602317028-5 a729 a729 DJO t0 aDJOKO, Wiratno1 a30 Desain Rumah 2 Lantai Masa Kini Muka 6-10 Meter /cDjoko Wiratno; penyunting, Tin Zulaeha, M. Lukman Hakiem acet.2 aSurakarta :bVisi Mandiri,c2015 a137 hlm. :bilus. ;c22 cm 4aARSITEKTUR. DESAIN RUMAH0 aTIN, Zulaeha0 aLUKMAN, Hakiem M a7286 a a7286 b